00536nam a2200205 a 45000010005000000030009000050080041000140400028000550820016000831000026000992450031001252500007001562600053001633000010002165000049002266500013002756500014002886500010003026500018003125399CO-ViMGA141112s2004 ck r 000 u spa d aCO-ViMGAbspacCO-ViMGA a882.01 E8741 aEuripides, Sófocles10aMedea, Edipo Rey, Antigona a6a aSantafé de Bogotá : bPanAméricana, c1997 a146 p aEncuadernado con : Edipo rey y Antígona. 14aANTIGONA14aEDIPO REY14aMEDEA14aTEATRO GRIEGO